000 00345 a2200109 4500
001 ART_10734
005 20260410161831.0
008 260409a
245 1 0 _aEl nuevo gobierno versus los molinos de viento
100 1 _aMilei, Javier Gerardo
773 0 _tActualidad Económica
_g- Año XVII, Nº 64 (ene./abr. 2008)
_wREV5083
999 _c23232
_d23232